000 00620nam a2200181 i 4500
001 34822
003 ES-MaACL
005 20230906155013.0
007 t|
008 030211m19551956sp ||||1| spa d
100 1 _aBossert, Helmuth Th.
_930715
245 1 3 _aEl arte popular en Europa... /
_cHelmuth Th. Bossert.
260 _aBarcelona :
_bGustavo Gili,
_c[1955-1956]
300 _a2 v. :
_bil. ;
_c33 cm.
505 8 _aContiene: T. I: Tejios, alfombras y bordados. -- T. II: CerĂ¡mica. Trabajos en madera, metal y otros materiales
650 4 _aArte popular-
_zEuropa.
_9168182
852 _aES-MaACL
_jP-769
_bR.38310
999 _c34822
_d34822